Essentials of human behavior organization / (Record no. 362882)
[ view plain ]
| 000 -LEADER | |
|---|---|
| fixed length control field | 00507nam a2200145Ia 4500 |
| 008 - FIXED-LENGTH DATA ELEMENTS--GENERAL INFORMATION | |
| fixed length control field | 200110s9999 xx 000 0 und d |
| 020 ## - INTERNATIONAL STANDARD BOOK NUMBER | |
| International Standard Book Number | 978-971-93945 |
| 100 ## - MAIN ENTRY--PERSONAL NAME | |
| Personal name | Salvador, Samuel M. |
| 245 ## - TITLE STATEMENT | |
| Statement of responsibility, etc | Samuel M. Salvador & Ellinor Fua Geronimo.-- |
| Title | Essentials of human behavior organization / |
| 260 ## - PUBLICATION, DISTRIBUTION, ETC. (IMPRINT) | |
| Place of publication, distribution, etc | [Bulacan] : |
| Name of publisher, distributor, etc | Allen Adrian Books Inc. |
| Date of publication, distribution, etc | 2010 |
| 300 ## - PHYSICAL DESCRIPTION | |
| Extent | xiv, 507 pages |
| Dimensions | 22.5 cm. |
| 500 ## - GENERAL NOTE | |
| General note | Includes bibliography, glossary and appendix. |
| 650 ## - SUBJECT ADDED ENTRY--TOPICAL TERM | |
| Topical term or geographic name as entry element | Human behavior. |
| 650 ## - SUBJECT ADDED ENTRY--TOPICAL TERM | |
| Topical term or geographic name as entry element | Organization. |
| Withdrawn status | Lost status | Damaged status | Home library | Current library | Shelving location | Date acquired | Total Checkouts | Full call number | Barcode | Date last seen | Price effective from | Koha item type |
|---|---|---|---|---|---|---|---|---|---|---|---|---|
| Southville International School Affiliated with Foreign Universities Library | Southville International School Affiliated with Foreign Universities Library | Southville Foreign University Section | 01/10/2020 | HD 58.7 .Sa182 2010 | SFU0534 | 01/10/2020 | 01/10/2020 | Books |